A genetic algorithm-based approach for automated refactoring of component-based software (Record no. 347477)
[ view plain ]
| 000 -LEADER | |
|---|---|
| fixed length control field | 00520nam a2200133Ia 4500 |
| 008 - FIXED-LENGTH DATA ELEMENTS--GENERAL INFORMATION | |
| fixed length control field | 171207s9999 xx 000 0 und d |
| 100 ## - MAIN ENTRY--PERSONAL NAME | |
| Personal name | Kebir, Salim |
| 245 #2 - TITLE STATEMENT | |
| Title | A genetic algorithm-based approach for automated refactoring of component-based software |
| 245 ## - TITLE STATEMENT | |
| Statement of responsibility, etc | Salim Kebir, Isabelle Borne, Djamel Meslati |
| 260 ## - PUBLICATION, DISTRIBUTION, ETC. (IMPRINT) | |
| Date of publication, distribution, etc | 2017 |
| 300 ## - PHYSICAL DESCRIPTION | |
| Extent | pages 17-36, August 2017 |
| 440 ## - SERIES STATEMENT/ADDED ENTRY--TITLE | |
| Title | Information and Software Technology |
| Volume number/sequential designation | 88: |
| 650 ## - SUBJECT ADDED ENTRY--TOPICAL TERM | |
| Topical term or geographic name as entry element | Genetic algorithm, Refactoring, Component-based software engineering, Bad smells |
| Withdrawn status | Lost status | Damaged status | Home library | Current library | Date acquired | Total Checkouts | Date last seen | Price effective from | Koha item type |
|---|---|---|---|---|---|---|---|---|---|
| College Library | College Library | 12/07/2017 | 12/07/2017 | 12/07/2017 | Periodicals |